000 00983nam a2200241 u 4500
001 000402298
003 AM-YeHGA
005 20250617132524.0
008 050113s1990 |||a r 000 0 rus d
020 _a5010020386
040 _aAM-YeHGA
041 0 _arus
245 0 0 _a1825. Заговор :
_bРисованная кн. /
_cСценарий Е.В. Добровольской, Ю.И. Макарова; Худож. В.Г. Алексеев.
260 _aМосква :
_bПрогресс,
_c1990.
300 _a160 с. :
_b... в основном ил.
653 0 _aДекабристы - Изоиздания
653 0 _aРеволюционное движение в России - История, 19 в. - Изоиздания
653 0 _aКомиксы
700 1 _aДобровольская, Е.В.
_eсценарист
_4sce
700 1 _aМакаров, Ю.И.
_eсценарист
_4sce
700 1 _aАлексеев, В.Г.
_eил.
_4ill
090 _c153919
999 _c152523
_d152523